000 00561nam a2200181Ia 4500
003 GCL
008 140319s9999 xx 000 0 ara d
040 _aGCL /
_cGCL
082 0 4 _a738.3
_bق خ
245 1 0 _aالخزف والفخار :
_bطرق واساليب - تصماميم مدهشة - الشوى والتزيين والرسم
250 _aالاولى
260 _a[S.N] :
_bدار الرشيد ،
_c1996
300 _a260 ص ؛
_c24 سم
650 0 4 _aالخزف
650 0 4 _aالفخار
650 0 4 _aالفخار - تلوين
942 _2ddc
_cBK
999 _c6408
_d6408